[Event "CZE-ch U12"]
[Site "Kouty nad Desnou"]
[Date "2024.03.14"]
[Round "7"]
[White "Gresek, Oskar"]
[Black "Frantsev, Iegor"]
[Result "1/2-1/2"]
[WhiteElo "1629"]
[BlackElo "1721"]
[PlyCount "79"]
[EventDate "2024.03.09"]
[EventType "swiss"]
[EventRounds "9"]
[EventCountry "CZE"]
[SourceTitle "CB12_2024"]
[SourceDate "2023.10.01"]
[SourceVersion "1"]
[SourceVersionDate "2023.10.01"]
[SourceQuality "1"]

1. e4 c6 2. d4 d5 3. exd5 cxd5 4. Nf3 Nc6 5. c3 Bg4 6. Bd3 e6 7. 0-0 Nf6 8. Bg5 h6 9. Bxf6 Qxf6 10. Nbd2 Bd6 11. Qc2 0-0 12. h3 Bxf3 13. Nxf3 Rac8 14. a3 a6 15. Rfe1 b5 16. Qe2 Na5 17. Nd2 Nc4 18. Bxc4 bxc4 19. Nf3 Rb8 20. Rac1 Rb3 21. Rc2 a5 22. Ne5 Bxe5 23. Qxe5 Qxe5 24. Rxe5 a4 25. f4 Rfb8 26. Ree2 g6 27. Kf2 Kg7 28. Kf3 Kf6 29. g3 Rg8 30. Rg2 Rbb8 31. Rcd2 g5 32. Rde2 Rg6 33. Rd2 Rbg8 34. Rde2 gxf4 35. Kxf4 h5 36. Re5 Rg5 37. Rxg5 Rxg5 38. g4 hxg4 39. hxg4 Rg8 40. Rh2 1/2-1/2

[Event "CZE-ch U12"]
[Site "Kouty nad Desnou"]
[Date "2024.03.11"]
[Round "4"]
[White "Kolar, Edvard"]
[Black "Frantsev, Iegor"]
[Result "1-0"]
[WhiteElo "1759"]
[BlackElo "1721"]
[PlyCount "91"]
[EventDate "2024.03.09"]
[EventType "swiss"]
[EventRounds "9"]
[EventCountry "CZE"]
[SourceTitle "CB12_2024"]
[SourceDate "2023.10.01"]
[SourceVersion "1"]
[SourceVersionDate "2023.10.01"]
[SourceQuality "1"]

1. e4 c6 2. d4 d5 3. Nc3 dxe4 4. Nxe4 Nf6 5. Ng3 Bg4 6. N1e2 Bxe2 7. Bxe2 e6 8. Bg5 Nbd7 9. Qd2 Qc7 10. 0-0 Be7 11. Bf3 0-0 12. Nh5 Rfe8 13. Rae1 Nxh5 14. Bxh5 Bxg5 15. Qxg5 Nf6 16. c3 Nxh5 17. Qxh5 Rad8 18. Re3 Rd5 19. Qh4 Qe7 20. Qe4 h6 21. f4 Rd7 22. Qf3 Qf6 23. Qe2 Rde7 24. Re5 g6 25. Kh1 Kh7 26. g4 Qg7 27. f5 gxf5 28. gxf5 Qg8 29. f6 Rd7 30. Rg1 Qf8 31. Rg7+ Qxg7 32. fxg7 Kxg7 33. Qg4+ Kh7 34. Qf4 Rg8 35. h4 b6 36. h5 c5 37. Qf2 cxd4 38. cxd4 Rc7 39. d5 exd5 40. Rxd5 Rc1+ 41. Kh2 Rgc8 42. Qxf7+ Kh8 43. Qf6+ Kg8 44. Qg6+ Kf8 45. Rf5+ Ke7 46. Rf7+ 1-0

[Event "CZE-ch U12"]
[Site "Teplice"]
[Date "2023.03.18"]
[Round "9"]
[White "Frantsev, Iegor"]
[Black "Krisica, Lukas"]
[Result "1-0"]
[WhiteElo "1424"]
[BlackElo "1342"]
[PlyCount "59"]
[EventDate "2023.03.11"]
[EventType "swiss"]
[EventRounds "9"]
[EventCountry "CZE"]
[SourceTitle "CBM 213 Extra"]
[Source "ChessBase"]
[SourceDate "2023.05.31"]
[SourceVersion "1"]
[SourceVersionDate "2023.05.31"]
[SourceQuality "1"]

1. d4 Nf6 2. Bf4 g6 3. e3 Bg7 4. Nf3 c5 5. c3 b6 6. Nbd2 Bb7 7. h3 d6 8. Be2 Nbd7 9. 0-0 0-0 10. Re1 Qc7 11. Rc1 a6 12. Bd3 e5 13. dxe5 dxe5 14. Bh2 Bc6 15. e4 Rfe8 16. b4 Qb7 17. Nc4 Bf8 18. Ncxe5 Nxe5 19. Nxe5 Bxe4 20. Bxe4 Nxe4 21. Qd7 Qxd7 22. Nxd7 Nxc3 23. Nf6+ Kh8 24. Nxe8 Nxa2 25. Be5+ Kg8 26. Nf6+ Kg7 27. Nd7+ Kg8 28. Nxb6 Nxc1 29. Nxa8 Nd3 30. bxc5 1-0

[Event "CZE-ch U12"]
[Site "Teplice"]
[Date "2023.03.17"]
[Round "8"]
[White "Mazurek, Richard"]
[Black "Frantsev, Iegor"]
[Result "0-1"]
[WhiteElo "1137"]
[BlackElo "1424"]
[PlyCount "74"]
[EventDate "2023.03.11"]
[EventType "swiss"]
[EventRounds "9"]
[EventCountry "CZE"]
[SourceTitle "CBM 213 Extra"]
[Source "ChessBase"]
[SourceDate "2023.05.31"]
[SourceVersion "1"]
[SourceVersionDate "2023.05.31"]
[SourceQuality "1"]

1. Nf3 d5 2. g3 Nf6 3. Bg2 c6 4. d4 Bf5 5. 0-0 e6 6. Nbd2 Nbd7 7. c4 h6 8. cxd5 exd5 9. Nb3 Bd6 10. Re1 0-0 11. Bd2 Ne4 12. Be3 Re8 13. Qc1 Ndf6 14. Bf4 Bxf4 15. Qxf4 Bh7 16. Qc1 Qe7 17. e3 Rad8 18. Nfd2 Qd7 19. Nxe4 Nxe4 20. Nc5 Nxc5 21. Qxc5 a6 22. Rac1 Be4 23. Qb6 Bxg2 24. Kxg2 Re6 25. Rc5 Rf6 26. Re2 Re8 27. Rc3 Qg4 28. Rcc2 Qf3+ 29. Kg1 Kh7 30. Qxb7 Rxe3 31. Rxe3 Qd1+ 32. Kg2 Qxc2 33. Kh3 Qxf2 34. Qb3 Qf1+ 35. Kg4 Qf5+ 36. Kh4 g5+ 37. Kh5 Qh3# 0-1